|
|
|
|
| LEADER |
00000nab#a22000007a#4500 |
| 001 |
arbauad020723 |
| 003 |
AR-BaUAD |
| 005 |
20250711111812.0 |
| 008 |
960726|||||||||###||||||b###|0###a|spa|| |
| 040 |
|
|
|a AR-BaUAD
|c AR-BaUAD
|b spa
|
| 245 |
1 |
0 |
|a Die Besten der Besten
|
| 300 |
0 |
|
|b fot.
|
| 500 |
|
|
|a Presentación de objetos innovadores.
|
| 653 |
|
|
|a ITALIA
|
| 653 |
|
|
|a ESTADOS UNIDOS
|
| 653 |
|
|
|a ALEMANIA
|
| 653 |
|
|
|a JAPON
|
| 653 |
|
|
|a SUIZA
|
| 653 |
|
|
|a NORUEGA
|
| 653 |
|
|
|a BRAUN
|
| 653 |
|
|
|a OPEL
|
| 653 |
|
|
|a GRUNDIG
|
| 653 |
|
|
|a PORSCHE, FERDINAND
|
| 653 |
|
|
|a CANON
|
| 653 |
|
|
|a FROGDESIGN
|
| 653 |
|
|
|a SHIMANO
|
| 653 |
|
|
|a SIEMENS
|
| 653 |
|
|
|a EQUIPAMIENTO
|
| 653 |
|
|
|a EQUIPOS
|
| 653 |
|
|
|a FOTOGRAFIA
|
| 653 |
|
|
|a COMUNICACION
|
| 653 |
|
|
|a ESTACIONES DE SERVICIO
|
| 653 |
|
|
|a AUDIO
|
| 653 |
|
|
|a VIDEO
|
| 653 |
|
|
|a TELEVISION
|
| 653 |
|
|
|a OFICINAS
|
| 653 |
|
|
|a COCINAS
|
| 653 |
|
|
|a ODONTOLOGIA
|
| 653 |
|
|
|a MEDICINA
|
| 653 |
|
|
|a DISEÑO INDUSTRIAL
|
| 773 |
0 |
|
|t MD moebel design
|g no. 9 [1990], p. 104-111
|
| 942 |
|
|
|c ARTI
|
| 952 |
|
|
|0 0
|1 0
|4 0
|7 0
|9 65642
|a AR-BAuAD
|b AR-BAuAD
|d 2025-07-11
|l 0
|p AAQA020723
|r 2025-07-11 11:18:12
|w 2025-07-11
|y ARTI
|
| 990 |
|
|
|a DI199
|b TD
|
| 998 |
|
|
|a AAQ
|b BIBUN76
|
| 999 |
|
|
|c 45315
|d 45315
|